000
003200000a22001450004500
020
_a
84-276-0453-X
041
0
_a
SPA
082
0
4
_a
G 864 R7887p
100
1
_a
Rosales, Luis
245
1
0
_a
La poesía de Neruda / Luis Rosales
260
_a
Madrid, España : Nacional
300
_a
276 Pag
001
11151
942
_c
BK
999
_c
40518
_d
40518